000 00922nam0a22002291 4500
001 rc\850523
005 20260406203854.0
035 _a(NLR Aleph) 006031174
090 _a7529923
_c7529923
100 _a20041129d1984 |||y0rusy50 ca
101 0 _arus
102 _aRU
105 _ay |||||||||
200 1 _aПамятка по заготовке, консервации и клиническому применению костного матрикса в ЕрНИИТО
_fМ-во здравоохранения АрмССР. Упр. лечеб.-профилакт. помощи
210 _aЕреван
_cБ. и.
_d1984
215 _a6 с.
_d20
712 0 2 _aЕреванский НИИ травматологии и ортопедии им. Х.А. Петросяна
_3RU\NLR\AUTH\889964165
_9424547
801 0 _aRU
_bNLR
_gpsbo
801 1 _aRU
_bELAR
_2rusmarc
852 _aNLR
_j86-4/27009
942 _cBOOK
980 _aNB